| 000 | 00454nam a22001817a 4500 | ||
|---|---|---|---|
| 003 | PILC | ||
| 005 | 20160119102928.0 | ||
| 008 | 121116t xxu||||| |||| 00| 0 eng d | ||
| 020 | _a0532125108 | ||
| 050 |
_aPZ 7 _b.H174 1974 |
||
| 082 |
_aFIC _bH14j 1974 |
||
| 100 |
_aHall, Gimone _919166 |
||
| 245 |
_aThe juliet room _cby Gimone Hall. |
||
| 260 |
_aNew York. _bManor Books. _cc974. |
||
| 300 |
_g18 cm. _a192 p. |
||
| 942 |
_2lcc _cBK |
||
| 999 |
_c1202 _d1202 |
||